Commentaire du Code Fédéral des obligations du 30 marx 1911 / (Record no. 139747)

MARC details
000 -LEADER
campo de control de longitud fija 00709nam a2200193 4500
001 - NÚMERO DE CONTROL
campo de control 139747
003 - IDENTIFICADOR DE NÚMERO DE CONTROL
campo de control ES-MaACL
005 - FECHA Y HORA DE LA ÚLTIMA TRANSACCIÓN
campo de control 20230906195907.0
007 - CAMPO FIJO DE DESCRIPCIÓN FÍSICA--INFORMACIÓN GENERAL
campo de control de longitud fija t|
008 - DATOS DE LONGITUD FIJA--INFORMACIÓN GENERAL
campo de control de longitud fija 070214s1915 sz r ||||1| fre d
100 1# - ENTRADA PRINCIPAL--NOMBRE DE PERSONA
Nombre de persona Schneider, A.
9 (RLIN) 104550
245 10 - MENCIÓN DEL TÍTULO
Título Commentaire du Code Fédéral des obligations du 30 marx 1911 /
Mención de responsabilidad, etc. nouvelle édition revisée du `Commentaire populaire et pratique` A. Schneider, H. Fick.
260 ## - PUBLICACIÓN, DISTRIBUCIÓN, ETC.
Lugar de publicación, distribución, etc. Neuchatel :
Nombre del editor, distribuidor, etc. Delachaux & Niestlé,
Fecha de publicación, distribución, etc. 1915.
300 ## - DESCRIPCIÓN FÍSICA
Extensión 2 v. ;
Dimensiones 23 cm.
505 8# - NOTA DE CONTENIDO CON FORMATO
Nota de contenido con formato Contiene: Vol. I. Titres I a XXII. Vol. II. Titres XXIII a XXXIII/ par G. Bachmann...[et al.]
700 1# - ENTRADA AGREGADA--NOMBRE PERSONAL
Nombre de persona Fick, H.
9 (RLIN) 50684
700 1# - ENTRADA AGREGADA--NOMBRE PERSONAL
Nombre de persona Bachmann, G.
9 (RLIN) 24481
852 ## - LOCALIZACIÓN
Ubicación ES-MaACL
Número de control de estantería D-2236-37
Holdings
Estatus retirado Estado de pérdida Estado de daño No para préstamo Biblioteca de origen Biblioteca actual Ubicación en estantería Fecha de adquisición Fuente de adquisición Total de préstamos Signatura topográfica completa Código de barras Visto por última vez Precio de reemplazo Tipo de ítem Koha
        Biblioteca del Ateneo de Madrid Biblioteca del Ateneo de Madrid Sala Valle Inclán 17/01/2008     D-2236-37 901145425 23/02/2023 23/02/2023 Libro impreso